The experience of culture

Αποθηκεύτηκε σε:
Λεπτομέρειες βιβλιογραφικής εγγραφής
Κύριος συγγραφέας: Richardson, Michael, 1953-
Μορφή: Βιβλίο
Γλώσσα:English
Δημοσίευση: London : Sage, c2001.
Σειρά:Theory, culture & society
Θέματα:
Ετικέτες: Προσθήκη ετικέτας
Δεν υπάρχουν, Καταχωρήστε ετικέτα πρώτοι!

MARC

LEADER 00000nam a2200000 a 4500
001 1/127431
008 231006s2001####enk| ||| |||| ||eng||
020 |a 0761966501 
040 |a GR-MyUa  |b gre  |c GR-MyUa  |e AACR2 
041 0 |a eng 
082 7 |a 306.01   |2 (23) 
100 1 |a Richardson, Michael,   |d 1953- 
245 1 4 |a The experience of culture /   |c Michael Richardson.  
260 |a London :   |b Sage,   |c c2001.  
300 |a 179 σ. ;   |c 21 εκ.  
490 1 |a (Theory, culture & society) 
504 |a Βιβλιογραφία : σ. 172-176. Ευρετήριο.  
650 0 |a Culture  |x Philosophy. 
830 0 |a Theory, culture & society 
852 |a INST  |b LESVOS  |e 20231006  |h 306.01 RIC  |p 005100065157  |q 005100065157  |t BK  |y 0 
970 |a Καμάτσου  |b Δέσποινα  |z 06-10-2023